| 000 | 00594cam a22002057a 4500 | ||
|---|---|---|---|
| 001 | 16368505 | ||
| 005 | 20241028091712.0 | ||
| 008 | 100715s2010 enka 000 0 eng | ||
| 020 | _a9781848660656 (hbk.) | ||
| 020 | _a1848660650 (hbk.) | ||
| 050 | 0 | 0 |
_aNA2540 _b.W663 2010 |
| 082 | 0 | 4 |
_a720 _222 |
| 100 | 1 |
_aWilkinson, Philip, _d1955- |
|
| 245 | 1 | 0 |
_a50 architecture ideas you really need to know / _cPhilip Wilkinson. |
| 260 |
_aLondon : _bQuercus, _c2010. |
||
| 300 |
_a208 p. : _bill. ; _c21 cm. |
||
| 500 | _aIncludes index | ||
| 650 | 0 |
_aArchitecture _vMiscellanea. |
|
| 942 |
_2lcc _cBK _n0 |
||
| 999 |
_c262 _d262 |
||